[Event "EU-Cup 20th"]
[Site "Izmir"]
[Date "2004.10.04"]
[Round "2.1"]
[White "Rublevsky, Sergei"]
[Black "Kasparov, Garry"]
[Result "1-0"]
[WhiteElo "2649"]
[BlackElo "2813"]
[Annotator "Marin,M/Stoica"]
[PlyCount "113"]
[EventDate "2004.10.03"]
[EventType "team-swiss"]
[EventRounds "7"]
[EventCountry "TUR"]
[SourceTitle "CBM 104"]
[Source "ChessBase"]
[SourceDate "2005.01.27"]
[SourceVersion "1"]
[SourceVersionDate "2005.01.27"]
[SourceQuality "1"]
[WhiteTeam "Kazan Ladya"]
[BlackTeam "Ekaterinburg Max Ven"]
[WhiteTeamCountry "RUS"]
[BlackTeamCountry "RUS"]

1. e4 c5 2. Nf3 Nc6 3. Bb5 e6 4. O-O Nge7 5. c3 a6 6. Ba4 c4 7. Qe2 b5 8. Bc2
Ng6 9. b3 Qc7 10. bxc4 Nf4 11. Qe3 bxc4 12. Ba3 Be7 13. Bxe7 Nxe7 14. Na3 O-O
15. Rab1 f5 16. Qb6 Qxb6 17. Rxb6 fxe4 18. Bxe4 d5 19. Bc2 Neg6 (19... Nh3+ 20.
Kh1 h5 21. Bd1 Nf4 22. Ne5 h4) 20. Bxg6 Nxg6 21. Nc2 e5 22. Ne3 Bf5 23. Nxf5
Rxf5 24. Rfb1 Raf8 25. Rxa6 e4 26. Nd4 Rxf2 27. Ne6 R2f6 28. Nxf8 Rxa6 29. Nxg6
hxg6 {Kasparov might have thoght that this ending presents no danger at all
for him, given the advantage of space in the centre as well as his slightly
more compact pawn structure (two groups of pawns compared to White's 3)} 30.
Kf2 {'!' Rublevsky sacrifices the weak pawn in order to block Black's centre
with his king.} ({Kasparov might have only counted on} 30. Rb2 e3 $5 (30... Kf7
{is also possible, reaching a position that will be examined below after} 31.
Kf2 Ke6 32. Ke3 Ke5 33. Rb7 Rxa2 34. Re7+ Kf6 35. Rd7 Ke6 36. Rxg7 Kf6 $11) 31.
dxe3 Ra3 32. Rc2 Kf7 $44) ({or} 30. Rb5 d4 $1 {with sufficient counterplay.})
30... Rxa2 31. Ke3 Kf7 32. Rb7+ Kf6 33. Rb6+ Kf7 {transposing to the game.} 34.
Rd6 Ra5 35. h4 {'+/=!' White keeps Black under pressure both in the centre and
on the king side. The g-pawns are iremediably weak.} (35. Kd4 {would have been
premature in view of} Ra2) 35... g5 ({Passive waiting would have been
dangerous for Black:} 35... Rb5 36. g4 $1 (36. Kf4 $6 g5+ $1 $11) 36... Ra5 37.
g5 Rb5 38. Kf4 $1 $16) ({Insufficient would have been also} 35... Ke7 36. Rxg6
Kf7 37. Rg5 Kf6 38. g3 $16) 36. hxg5 ({In case of} 36. h5 {the g-pawn would
have ensured sufficient counterplay:} g4 $1 ({Once again, passive waiting
would be risky:} 36... Ke7 37. Rg6 Kf7 38. g4 Rb5 39. Rd6 Ke7 40. Rc6 Ra5 41.
Kd4 Ra2 42. Kxd5 $16) 37. g3 Rb5 (37... Ke7 38. Rg6 Kf7 39. Rxg4 $16) 38. Rg6
Rb1 39. Rg5 Rg1 $1 40. Rxg4 Re1+ 41. Kd4 Rd1 42. Kxd5 e3 {with a probable draw.
}) 36... Ke7 37. Rc6 (37. Rg6 $5 {would have been an interesting alternative:}
Kf7 38. Rc6 $1 {It is important to take the c4-pawn under observation.} (38.
Rb6 d4+ $1 39. Kxd4 Rxg5 40. Kxc4 Rxg2 $11) 38... d4+ $5 (38... Ra2 39. g4 {
-see 37...Ra2 38.g4!? above}) 39. Kxd4 Rxg5 40. Rxc4 Rxg2 41. Ke3 $16) 37...
Ra1 {'?!' Black's situation required a more concrete treatment than that. He
should have aimed to prevent the instalation of the king on d4 with all the
comfort.} (37... d4+ $6 38. Kxd4 Rxg5 39. Rxc4 Rxg2 40. Ke3 Kd6 41. Rxe4 $16) (
{Although natural,} 37... Ra2 {might have been not 100% safe for Black.} 38. g4
$5 (38. Rg6 $6 Ra1 39. Kd4 Rd1 40. Kxd5 Rxd2+ 41. Kxe4 Kf7 42. Rc6 Rxg2 43. Kf4
Rf2+ 44. Kg3 Rc2 45. Rxc4 Kg6 46. Rc5 Kh5 {with good drawing chances.}) (38.
Rc7+ Ke6 39. Rxg7 Ra1 40. g6 (40. Kd4 Ra2 $1 41. Rg6+ Kf5 42. Rf6+ Kxg5 43. Rf2
Kg4 $11 44. Kxd5 $140 $2 e3) (40. g4 Rg1 41. Kd4 Rxg4 42. Rg6+ Kf5 43. Rd6 e3+
44. Kxd5 exd2 45. Kc5 Rg2 46. Kxc4 Kxg5 $11) 40... Rg1 41. Rg8 (41. Kf2 Rd1 $11
) 41... Rxg2 42. g7 Kf6 43. Rd8 Rg3+ $1 {The rook starts active counterplay,
leaving the task of elminating the g-pawn to the king.} (43... Rxg7 $2 44. Rxd5
{A picturesque situation: Black cannot save his weak pawns.} Ke6 (44... Rg4 45.
Kd4 Rh4 46. Kc5 $1 (46. Kxc4 e3+ 47. d4 Re4 $11) 46... Ke6 (46... e3 47. dxe3
Re4 48. Rd8 $18) 47. Rd8 Rg4 48. Kxc4 $16 e3+ $140 49. Kc5 $1) 45. Kd4 $1 (45.
Rd4 Ke5 $11) 45... Rg4 (45... Rg2 46. Kxc4) 46. Re5+ Kd7 (46... Kd6 47. Rxe4
$18 Rg2 48. Kxc4 Rxd2 49. Rd4+) 47. Rxe4 (47. Kxc4 Kd6 48. Rd5+ Kc6 49. Rd4 Rg2
$11) 47... Rg2 48. Ke3 $18) 44. Kd4 (44. Ke2 {would place the king too
passively, allowing} Rxg7 45. Rxd5 Ke6 46. Rc5 Rg3 47. Rxc4 Ke5 $11 {when
Black is out of danger.}) 44... Rd3+ 45. Kc5 Kxg7 46. Rxd5 e3 47. dxe3 Rxc3 $11
) 38... Kf7 39. Rb6 Ke7 40. Rb7+ Ke6 41. Rxg7 {looks like a slightly improved
version of 38.Rc7+} Ra1 42. Kd4 Rd1 43. Rg6+ Kd7 44. Ke3 $5 (44. Kxd5 e3 45.
Rd6+ Kc7 46. Re6 exd2 47. Re2 Rg1 $11 48. Rxd2 Rxg4 $11) 44... Re1+ 45. Kf4 d4
$5 46. Rg7+ Kc6 47. Rh7 e3 48. dxe3 Rf1+ 49. Ke4 dxc3 50. Rh2 Kc5 51. Ke5 {
and it lookslike Black still has problems.}) 38. Kd4 {'+/-'} Rd1 (38... Ra5 39.
g4 $16) 39. Kxd5 {With the black king on e7, this move is very strong.} e3 (
39... Rxd2+ 40. Kxe4 Rxg2 41. Kf5 $16) 40. Re6+ {This is it: White stops the
conterplay before it even started.} Kd7 41. Rxe3 Rxd2+ 42. Kxc4 Rxg2 43. Re5
Kd6 44. Ra5 Rg4+ 45. Kb3 Rg1 46. Kb4 Rb1+ (46... Rg2 47. g6 $1 {(threatening
Ra7)} Ke6 48. c4 Rxg6 49. Ra6+ Kf5 50. Rxg6 Kxg6 51. c5 Kf7 52. Kb5 Ke7 53. Kb6
$18) 47. Kc4 Ke6 48. Ra6+ {'!' The most precise continuation. Black wins more
space on the king side.} (48. Kc5 {would have allowed Black put upfurther
resistance:} Rg1 $5 (48... Kf5 49. Kd6+ Kg6 50. c4 Rc1 51. c5 Kxg5 52. c6+ Kf4
53. Rc5 Ra1 54. c7 Ra8 55. c8=Q Rxc8 56. Rxc8 g5 57. Rf8+ Ke4 58. Rg8 Kf4 59.
Kd5 g4 60. Kd4 Kf3 61. Kd3 g3 62. Rf8+ $18) 49. Kd4 Rg4+ 50. Kd3 Rg3+ 51. Kc4
Rg1 {and White has problems finding the optimal regrouping plan.}) 48... Kf5
49. g6 Rg1 50. Kb5 Ke5 51. c4 Rb1+ (51... Kf5 52. Rd6 $18 {[%cal Cg1g6,Rc4c8]})
(51... Rg2 52. c5 $18) 52. Kc6 Rg1 53. Kd7 {'+-'} Rd1+ 54. Ke7 Rb1 55. Ra5+ Kd4
56. Kf8 Rb7 57. Rf5 1-0

[Event "Lausanne YM 4th"]
[Site "Lausanne"]
[Date "2003.09.18"]
[Round "1.2"]
[White "Paehtz, Elisabeth"]
[Black "McShane, Luke J"]
[Result "0-1"]
[WhiteElo "2417"]
[BlackElo "2619"]
[Annotator "McShane,L"]
[PlyCount "78"]
[EventDate "2003.09.17"]
[EventType "k.o."]
[EventRounds "3"]
[EventCountry "SUI"]
[SourceTitle "CBM 098"]
[Source "ChessBase"]
[SourceDate "2004.02.03"]
[SourceVersion "1"]
[SourceVersionDate "2004.02.03"]
[SourceQuality "1"]

1. e4 c5 2. Nf3 Nc6 3. Nc3 Nf6 4. Bb5 Qc7 5. Bxc6 bxc6 (5... Qxc6 6. Qe2) (5...
dxc6 $1) 6. e5 Ng4 7. d4 (7. Qe2 f6 8. exf6 Nxf6 9. Ne4 e5 10. Nxf6+ gxf6 {
[%cal Yd7d5]}) 7... cxd4 8. Qxd4 d6 (8... d5 9. h3 Nh6 10. Bxh6 gxh6 11. e6 f6
12. Nxd5 (12. Qe3 Qd6 13. Nd4 c5 14. Ndb5 {[%cal Yc3d5]}) 12... cxd5 13. Qxd5
Qb7 14. Qh5+ Kd8 15. Qa5+ Ke8 16. Qa4+ Kd8 17. O-O-O+ Kc7 18. Qf4+ Kb6 19. Rd3
Bxe6 20. Qe3+) 9. Bf4 (9. exd6 Qxd6) 9... Qb6 $6 (9... dxe5 $1 10. Nxe5 Qb6 11.
Qd2 (11. Qxb6 axb6 12. Nxc6 Bb7 13. Ne5 Nxe5 14. Bxe5 Bxg2 15. Rg1 Bc6 16. Bd4
b5 $17) 11... f6) 10. Qxb6 (10. Qd2 dxe5 11. Nxe5 f6 $5 (11... Nxe5 12. Bxe5 f6
13. Bd4 Qxb2 14. O-O e5) 12. Nxg4 (12. Nc4 Qb4 13. Qe2 e5 (13... Ba6 14. Nd6+
Qxd6 15. Qxa6 Qe6+) 14. a3 Qe7)) 10... axb6 11. exd6 exd6 12. O-O $2 (12. h3 $1
Nf6 13. O-O-O d5 14. Ne5 $1 Bb7 (14... Bb4 15. Nxc6 Bxc3 16. bxc3 Rxa2) (14...
c5 15. Nb5 Rxa2 16. Nc7+ Ke7 17. Nc6+ Kd7 18. Nb8+ $11) 15. Rhe1 Be7 16. Bg5 h6
) 12... f6 $1 {[%csl Ge5][%cal Yg4e5]} 13. Nd4 Bd7 14. a4 Kf7 15. Rfd1 d5 $15
16. Bc7 Bc5 (16... Ra6) 17. h3 Rhc8 18. Bxb6 Bxb6 19. hxg4 Bxg4 20. Rd3 (20. f3
Bf5 (20... Bd7 21. b4)) 20... Ba5 21. Nb3 Bf5 $1 22. Rd2 (22. Rf3 Bxc2 23. Nxa5
Rxa5 24. b4 Ra7 $17) 22... Bb4 23. Nc1 {[%cal Yc1e2]} (23. a5) 23... Rcb8 24.
N1e2 {[%csl Gb4,Rc2,Rc3,Rd2,Re2,Gf5][%cal Yb4d2,Yf5c2]} Ba5 25. Ra2 c5 $1 {
[%cal Yd5d4]} 26. Rxd5 Be6 27. b3 Bxd5 28. Nxd5 c4 $5 29. Nd4 (29. bxc4 Rc8 (
29... Rb1+ 30. Kh2 Rc8 31. Ne3) 30. Ne3 Bd2 31. Nf5 Bb4 32. Ne3) 29... cxb3 30.
Nxb3 (30. cxb3 Rd8 $19) 30... Re8 31. c4 Re1+ 32. Kh2 Rb1 33. Nd4 Rd1 34. Nb5
Ra6 $1 {[%csl Ga6][%cal Ya6e6]} 35. Re2 Re6 36. Rc2 Rd2 37. Rxd2 (37. Rc1 Rxf2
38. c5 Ree2 $19) 37... Bxd2 38. c5 $6 (38. Nd4 Re4 39. Nb5 (39. Nf5 Bf4+ 40. g3
g6 $19) (39. Nb3 Rxc4 40. Nxd2 Rd4 $19) 39... Ke6 40. Nb6 $17) 38... Rc6 39.
Nd4 Rxc5 0-1

[Event "EU Union-ch 4th"]
[Site "Liverpool"]
[Date "2008.09.12"]
[Round "4"]
[White "Meier, Georg"]
[Black "Arakhamia Grant, Ketevan"]
[Result "1-0"]
[WhiteElo "2556"]
[BlackElo "2448"]
[Annotator "Meier,Georg"]
[PlyCount "71"]
[EventDate "2008.09.09"]
[EventType "swiss"]
[EventRounds "10"]
[EventCountry "ENG"]
[SourceTitle "CBM 126 Extra"]
[Source "ChessBase"]
[SourceDate "2008.11.05"]
[SourceVersion "1"]
[SourceVersionDate "2008.11.05"]
[SourceQuality "1"]

1. e4 c5 2. Nf3 Nc6 3. Bb5 e6 {Ein kämperisches System. Schwarz ist bereit,
dem Gegner die Initiative zu überlassen, wenn er sich dafür das Läuferpaar
sichern kann.} 4. O-O Nge7 5. Re1 a6 6. Bxc6 Nxc6 7. d4 cxd4 8. Nxd4 b5 $6 {
Eine unglückliche Improvisation am Brett. Die Lockerung des Damenflügels
bietet Weiß eine willkommene Zielscheibe.} ({Schwarz kann nicht ohne Weiteres
die Entwicklung beenden, da nach} 8... Be7 9. Nxc6 bxc6 10. Qg4 {die Rochade
verhindert wird}) ({Üblich ist} 8... d6) ({oder} 8... Qc7) 9. a4 (9. Nxc6 dxc6
10. Qxd8+ Kxd8 11. Rd1+ $14 {kam ebenfalls in Betracht, war mir aber nicht
vorteilhaft genug.}) 9... b4 $2 {Nach dieser fatalen Schwächung lohnt sich der
Übergang ins Endspiel. Der schwarze Damenflügel bleibt zersplittert.} ({
Erwartet hatte ich} 9... Nxd4 10. Qxd4 b4 {womit Schwarz wenigstens eine
gesunde Bauernstruktur erhält.} 11. c3 bxc3 12. Nxc3 $14 {gibt Weiß allerdings
auch großen Entwicklungsvorsprung.}) ({Noch am besten ist} 9... Bb7 10. axb5
Nxd4 11. Qxd4 axb5 12. Rxa8 Qxa8 13. Nc3 Qa5 14. Bd2 f6 {und Schwarz hält
seine Stellung anscheinend zusammen.}) 10. Nxc6 dxc6 11. Qxd8+ Kxd8 12. Rd1+ $1
{Der König soll nicht nach c7 gelassen werden, was einerseits die Verbindung
der Türme erleichtert, andererseits dem König erlauben würde, bei der
Verteidigung des Damenflügels zu helfen.} Ke8 13. Nd2 Bc5 $2 {Offenbar glaubte
Keti, dass mein Springer auf dem Weg nach c4 ist. Von b3 zielt er aber
mindestens auf genauso viele schwache Felder...} ({Schwarz musste so schnell
wie möglich seinen Bc8 ins Spiel bringen.} 13... e5 14. Nc4 f6 15. Be3 Be6 16.
Nd6+ Bxd6 17. Rxd6 Kf7 {schien mir auch während der Partie die beste
Verteidigung zu sein. Schwarz muss bereit sein einen Bauern einzubüßen,
beendet dafür aber die lebenswichtige Mobilisierung seiner Figuren.}) 14. Nb3
Be7 15. Bf4 $1 {Der Läufer geht nach d6 und sichert dem Springer eine
dominante Position auf c5.} f6 16. Bd6 e5 17. Rd2 $1 {Weiß erhält nun eine
unantastbare Kontrolle der d-Linie.} (17. Nc5 $2 {würde Schwarz erlauben einen
seiner passiven Türme abzutauschen.} Kf7 18. Rd2 Rd8) 17... a5 18. Rad1 Ra7 19.
Bc5 $1 {Feine Technik! Der Ra7 wird den Pc6 nun vom schlechtesten Feld aus
verteidigen müssen und für immer passiv bleiben.} (19. Bxe7 Kxe7 20. Rd6 {
gibt Schwarz die willkommene Gelegenheit sich unter Bauernopfer zu entknoten.}
(20. Nc5 Rc7 {...oder seinen Turm besser zu postieren.}) 20... Be6) 19... Ra6 (
19... Bxc5 $4 20. Rd8+ Ke7 21. Rxh8) 20. Bxe7 Kxe7 21. Rd6 Re8 (21... Be6 $4
22. Rxe6+ Kxe6 23. Nc5+) 22. f3 Kf7 23. Nc5 $18 {Durch die saubere Vorarbeit
kann der Springer endlich den strategischen Todesstoß setzen. Schwarz ist
nicht in der Lage, sich zu befreien und bleibt bis zum Ende Statist.} Rb6 24.
Nb3 Ra6 25. Nc5 Rb6 26. Kf2 Be6 27. Ke3 g5 28. g3 {Es gibt bereits eine
Auswahl an Gewinnwegen. Allerdings ist hier keinerlei Eile nötig.} (28. Rd8 $18
) (28. Kd3 h5 29. Nxe6 Rxe6 30. Kc4 $18) 28... h5 29. h4 $1 {Fixiert eine
Schwäche auf h5 und leitet eine weitere Linienöffnung ein, die den schwarzen
Untergang beschleunigt.} gxh4 30. gxh4 Bh3 31. R1d2 Re7 32. Rh2 Be6 33. Rg2 Bh3
34. Rg3 Bc8 35. Rd8 f5 36. Rgg8 1-0

[Event "Sao Paulo zt 2.4"]
[Site "Sao Paulo"]
[Date "2001.??.??"]
[Round "3"]
[White "Pelikian, Jefferson"]
[Black "Matsuura, Everaldo"]
[Result "0-1"]
[WhiteElo "2415"]
[BlackElo "2467"]
[Annotator "Melao,H"]
[PlyCount "80"]
[EventDate "2001.06.07"]
[EventType "tourn"]
[EventRounds "9"]
[EventCountry "BRA"]
[EventCategory "8"]
[SourceTitle "CBM 082 Extra"]
[Source "ChessBase"]
[SourceDate "2001.07.03"]
[SourceVersion "1"]
[SourceVersionDate "2001.07.03"]
[SourceQuality "1"]

1. e4 c5 2. Nf3 Nc6 3. Bb5 e6 4. O-O Nge7 5. Re1 a6 6. Bf1 Ng6 7. c3 Be7 8. d4
cxd4 9. cxd4 d5 10. exd5 (10. e5 O-O 11. Nc3 f6 12. exf6 Bxf6 13. Be3 Bd7 14.
Rc1 Rc8 15. Na4 Rc7 16. Nc5 Bc8 17. Nd3 Rcf7 18. Qd2 h6 19. g3 Qb6 20. Bh3 Be7
21. Nfe5 Ngxe5 22. dxe5 d4 23. Bxh6 gxh6 24. Qxh6 Rh7 25. Qg6+ Rg7 26. Bxe6+
Kh8 27. Qh5+ Rh7 28. Qg4 Rg7 29. Qh5+ Rh7 30. Qg4 Bxe6 31. Qxe6 Qb5 32. Qc4
Qxc4 33. Rxc4 Rf3 34. Nf4 Rf7 35. Kg2 R3xf4 36. gxf4 Rxf4 37. Kg3 Bg5 38. e6
Rf5 39. Rxc6 bxc6 40. e7 Bxe7 41. Rxe7 Rd5 42. Kf3 {1/2-1/2 Christiansen,
L-Damljanovic,B/Tilburg 1992/CBM 32 (42)}) (10. Nc3 dxe4 11. Nxe4 O-O 12. g3 b6
13. h4 Re8 14. h5 Nf8 15. h6 g6 16. Bf4 Bb7 17. Rc1 Rc8 18. a3 Na7 19. Rxc8
Nxc8 20. Bg2 Nd6 21. Bxd6 Bxd6 22. Ne5 Bd5 23. Nxd6 Qxd6 24. Bxd5 Qxd5 {
Larsen,K-Palo,D/Copenhagen 1999/CBM 71 ext/1/2-1/2 (71)}) 10... exd5 11. Nc3
O-O 12. Be3 {'N'} (12. Qb3 Be6 13. Be3 b5 14. Qd1 h6 15. Bd3 Qd6 16. Qd2 Rae8
17. Rac1 Bd8 18. h3 Bd7 19. Ne2 Bc7 20. Ng3 f5 21. Ne5 Nge7 22. Bf4 Ba5 23.
Nxc6 Nxc6 24. Bxd6 Bxd2 25. Rxe8 Rxe8 26. Rd1 Bb4 {Polgar,I-Forintos,G/
Budapest 1969/MCD/1/2-1/2 (73)}) 12... Bf6 {[%csl Rd4]} 13. Rc1 Nge7 14. Bg5
Bxg5 15. Nxg5 h6 16. Nf3 Bg4 17. Be2 Qd6 18. Ne5 Bxe2 19. Rxe2 Nf5 {[%csl Rd4]}
20. Nxc6 bxc6 21. Rec2 {[%csl Yc5,Rc6]} Rfe8 22. Ne2 Re6 23. Rxc6 Qxc6 24. Rxc6
Rxc6 25. Qd3 g6 26. g3 Re8 27. h4 h5 28. Nc3 Rd6 29. Kg2 Nh6 30. Qf3 Ng4 (30...
Nf5 $5 31. Nxd5 Red8) 31. Qd3 (31. Nxd5 $5) 31... Rf6 32. Nd1 $2 {[#]} (32. f3
$142) {[%tqu "En","Jogam as Pretas e vencem com uma bela combinação!","","",
"e8e1","ameaçando Rxd1, para o qual não há defesa!",10]} 32... Re1 $3 $19 {
ameaçando Rxd1, para o qual não há defesa!} 33. Qd2 Rxd1 $1 34. Qxd1 Rxf2+ 35.
Kg1 (35. Kh1 Rh2+ 36. Kg1 Rh1+ 37. Kxh1 Nf2+ $19) 35... Rg2+ 36. Kxg2 Ne3+ 37.
Kf3 Nxd1 38. b4 Nc3 39. a3 Nb5 40. a4 Nxd4+ 0-1

[Event "Sao Paulo zt 2.4"]
[Site "Sao Paulo"]
[Date "2001.??.??"]
[Round "7"]
[White "Vescovi, Giovanni P"]
[Black "Matsuura, Everaldo"]
[Result "1-0"]
[WhiteElo "2572"]
[BlackElo "2467"]
[Annotator "Melao,H"]
[PlyCount "81"]
[EventDate "2001.06.07"]
[EventType "tourn"]
[EventRounds "9"]
[EventCountry "BRA"]
[EventCategory "8"]
[SourceTitle "CBM 082 Extra"]
[Source "ChessBase"]
[SourceDate "2001.07.03"]
[SourceVersion "1"]
[SourceVersionDate "2001.07.03"]
[SourceQuality "1"]

1. e4 c5 2. Nf3 Nc6 3. Bb5 e6 4. Bxc6 bxc6 5. d3 Ne7 6. Qe2 d6 (6... Ng6 7. h4
h5 8. e5 Be7 9. Qe4 c4 10. dxc4 Rb8 11. Nbd2 (11. b3 c5 12. Bb2 Bb7 13. Qe3
Nxh4 14. Nxh4 Bxh4 15. Nc3 Qg5 16. Qxc5 Bxg2 17. Rg1 Qg4 18. Ba3 Bg5 19. Rd1 h4
20. Rd4 Qf3 21. Ne4 Bd8 22. Nd6+ Kf8 23. Nf5+ Be7 24. Qxe7+ Kg8 25. Qf8+ {
1-0 Breder,D-Moroz,A/Pardubice 2000/EXT 2001 (25)}) 11... c5 12. b3 Bb7 13. Qe3
f5 14. Bb2 Bc6 15. g3 Qb6 16. O-O-O a5 17. Rhe1 a4 18. Nb1 O-O 19. Qd3 Ra8 20.
Ng5 axb3 21. axb3 Qb7 22. Nc3 Ra5 23. Rd2 Rfa8 24. Qe2 Qb4 25. Nb1 Ra1 26. Qd3
R1a2 27. Bc3 Qb7 28. Qe2 Bxg5 29. hxg5 Bf3 30. Qe3 Rc8 31. Bb2 Ra5 32. Nc3 Rca8
33. Rd3 Bc6 34. Qe2 Qb4 35. f4 Be4 36. Rxd7 Ra1+ 37. Bxa1 Rxa1+ 38. Kd2 Ra2 39.
Rc1 h4 40. Qh5 {1-0 Palac,M-Nijboer,F/Metz FRA 2001/The Week in Chess 336 (40)}
) (6... f6 7. Nh4 g6 8. f4 Bg7 9. O-O O-O 10. Nf3 e5 11. fxe5 fxe5 12. Be3 d6
13. Nbd2 h6 14. a3 Rb8 15. b3 Be6 16. Nc4 g5 17. b4 {1/2-1/2 Shariyazdanov,
A-Perunovic,M/Subotica YUG 2000/The Week in Chess 321 (17)}) 7. e5 $5 d5 8. c4
$1 {[%csl Rc5] fixando 'c5', para seguir com b3, Nc3-a4, Ba3, Qe3, e em caso
das Pretas avançarem 'd4', Nfd2-e4, tudo convergindo sobre 'c5', que ficará
sem defesa suficiente e resultará na perda de material. Paralelamente as
Brancas vão desenvolvendo outros planos e evitando que as Pretas criem
contra-jogo.} Nf5 $1 {[%csl Yd4]} (8... Ng6 $6) 9. O-O Be7 10. b3 O-O 11. Bb2
$5 a5 12. Nc3 Nd4 13. Qd1 f6 14. Na4 fxe5 15. Nxe5 Bd6 16. f4 Qc7 17. Kh1 Bb7
18. Qd2 Rf6 19. g3 Raf8 20. Qg2 Bc8 21. Ba3 Qe7 22. Rae1 Rf5 23. Ng4 (23. cxd5
cxd5 24. Rc1 Bd7 25. Nxd7 Qxd7 26. Bxc5 Bxc5 27. Rxc5 g5 $132 {>>}) 23... Qa7
24. Rc1 Ba6 25. Rfe1 Rc8 26. Re3 Qe7 27. Qd2 h5 28. Nf2 Rcf8 29. Qxa5 Bxf4 30.
gxf4 Rxf4 31. Nh3 Rf1+ 32. Rxf1 Rxf1+ 33. Kg2 Qf6 34. Bxc5 Nf5 (34... Nc2 $1)
35. Kxf1 $1 $18 Nxe3+ 36. Ke2 Ng4 (36... Qf1+ 37. Kxe3 Qxh3+ 38. Ke2 dxc4 39.
bxc4 Qxh2+ 40. Bf2 $18) 37. Qxa6 Qe5+ 38. Kd1 Qa1+ 39. Kc2 Qxa2+ 40. Kc3 d4+
41. Bxd4 1-0

[Event "Metz op 31th"]
[Site "Metz"]
[Date "2013.04.23"]
[Round "6"]
[White "Svetushkin, Dmitry"]
[Black "Jankovic, Alojzije"]
[Result "1-0"]
[WhiteElo "2588"]
[BlackElo "2537"]
[Annotator "Metz Alekhine/Primel,D"]
[PlyCount "36"]
[EventDate "2013.04.20"]
[EventType "swiss"]
[EventRounds "9"]
[EventCountry "FRA"]
[SourceTitle "EXT 2016"]
[Source "ChessBase"]
[SourceDate "2015.10.08"]
[SourceVersion "1"]
[SourceVersionDate "2015.10.08"]
[SourceQuality "1"]
[TimeControl "40/5400:1800+30"]
[WhiteClock "1:30:00"]
[BlackClock "1:30:00"]

1. e4 c5 2. Nf3 Nc6 3. Bb5 e6 4. Bxc6 bxc6 5. d3 Ne7 6. Qe2 Qc7 (6... d5 7. h4
a5 8. h5 a4 9. c4 f6 10. h6 Ng6 11. exd5 cxd5 12. cxd5 Qxd5 13. Nc3 Qc6 14. Be3
gxh6 15. O-O-O e5 16. Bxh6 Bxh6+ 17. Rxh6 Kf7 18. Nh4 Nxh4 19. Qh5+ Kg7 20.
Qxh4 Bf5 21. Nd5 Bg6 22. Ne7 Qe8 23. Nf5+ {1-0 (23) Fedoseev,V (2662)-Vorobiov,
E (2587) Vladivostok 2014}) 7. Nh4 h6 8. g3 g6 9. f4 Bg7 10. O-O d6 11. c4 O-O
12. Nc3 $146 (12. Nf3 f6 13. e5 fxe5 14. fxe5 d5 15. Nc3 Nf5 16. Bd2 Nd4 17.
Nxd4 Rxf1+ 18. Rxf1 cxd4 19. Na4 dxc4 20. Qe4 Kh7 21. dxc4 Rb8 22. Qxd4 Bxe5
23. Qe3 Bg7 24. Bc3 e5 25. Nc5 Qe7 26. Nd3 e4 27. Bxg7 Qxg7 28. Qxe4 Bf5 29.
Qe5 Qxe5 30. Nxe5 Rxb2 31. g4 Re2 32. gxf5 Rxe5 33. fxg6+ Kxg6 34. Rd1 {
1/2-1/2 (34) Aveskulov,V (2495)-Fedorov,A (2620) Saratov 2006}) 12... f5 13. e5
$5 dxe5 14. Nf3 e4 15. dxe4 fxe4 16. Ne5 Bxe5 17. fxe5 Rxf1+ 18. Kxf1 Qxe5 {
Suite illisible et gain Blanc au 50ème coup.} 1-0